|
|
|
|
| LEADER |
01454nam a2200373Ia 4500 |
| 001 |
EBC202190 |
| 003 |
MiAaPQ |
| 005 |
20200520144314.0 |
| 006 |
m o d | |
| 007 |
cr cn||||||||| |
| 008 |
020729s2002 enk sb 001 0 eng d |
| 015 |
|
|
|a GBA2-Y5086
|
| 020 |
|
|
|z 0521815037
|
| 035 |
|
|
|a (MiAaPQ)EBC202190
|
| 035 |
|
|
|a (Au-PeEL)EBL202190
|
| 035 |
|
|
|a (CaPaEBR)ebr10022056
|
| 035 |
|
|
|a (CaONFJC)MIL16351
|
| 035 |
|
|
|a (OCoLC)559533209
|
| 040 |
|
|
|a MiAaPQ
|c MiAaPQ
|d MiAaPQ
|
| 050 |
|
4 |
|a HD8526.5
|b .F538 2002
|
| 082 |
0 |
4 |
|a 331.110947
|2 21
|
| 100 |
1 |
|
|a Filtzer, Donald.
|
| 245 |
1 |
0 |
|a Soviet workers and late Stalinism
|h [electronic resource] :
|b labour and the restoration of the Stalinist system after World War II /
|c Donald Filtzer.
|
| 260 |
|
|
|a Cambridge :
|b Cambridge University Press,
|c 2002.
|
| 300 |
|
|
|a xviii, 276 p.
|
| 504 |
|
|
|a Includes bibliographical references and index.
|
| 533 |
|
|
|a Electronic reproduction. Ann Arbor, MI : ProQuest, 2015. Available via World Wide Web. Access may be limited to ProQuest affiliated libraries.
|
| 650 |
|
0 |
|a Labor
|z Soviet Union
|x History.
|
| 650 |
|
0 |
|a Labor policy
|z Soviet Union
|x History.
|
| 651 |
|
0 |
|a Soviet Union
|x Economic conditions
|y 1945-1955.
|
| 651 |
|
0 |
|a Soviet Union
|x Politics and government
|y 1945-1991.
|
| 655 |
|
4 |
|a Electronic books.
|
| 710 |
2 |
|
|a ProQuest (Firm)
|
| 856 |
4 |
0 |
|u https://ebookcentral.proquest.com/lib/matrademy/detail.action?docID=202190
|z Click to View
|